Der Neue, gemeinnützige Landwirthschafts Calender, auf das Jahr, nach der heilbringenden Geburt unsers Herrn Jesu Christi, 1789 : ... Mit sonderbarem Fleiss nach dem pennsylvanischen und der angrenzenden Staaten Horizont und Nordhöhe berechnet. : Zum Zweytenmal herausgegeben.

Bibliographic Details
Format: eBook
Language:German
Published: Lancäster [Pa.] : Gedruckt und zu haben bey Albrecht und Lahn, in der neuen Buchdruckerey, in der Queen-Strasse, einige Häuser südwärts vom Courthaus, [1788]
Series:Early American imprints. Evans (1639-1800) ; no. 21279.
Subjects:
Online Access:Evans Digital Edition

MARC

Tag First Indicator Second Indicator Subfields
LEADER 00000cam a2200000 a 4500
001 in00002139297
006 m e d #
007 cr mn mmmmabba
008 840724s1788 paua s 000 0 ger d
005 20260331144832.5
035 |z w022918 
035 |a MAAR8407241313B 
035 |9 mwa91-15387 
035 |a 341196 
035 |a aas03022918 
040 |a MWA  |c MWA  |e bdrb  |d UtOrBLW 
245 0 4 |a Der Neue, gemeinnützige Landwirthschafts Calender, auf das Jahr, nach der heilbringenden Geburt unsers Herrn Jesu Christi, 1789 :  |b ... Mit sonderbarem Fleiss nach dem pennsylvanischen und der angrenzenden Staaten Horizont und Nordhöhe berechnet. : Zum Zweytenmal herausgegeben. 
264 1 |a Lancäster [Pa.] :  |b Gedruckt und zu haben bey Albrecht und Lahn, in der neuen Buchdruckerey, in der Queen-Strasse, einige Häuser südwärts vom Courthaus,  |c [1788] 
300 |a 44 unnumbered pages :  |b illustrations ;  |c 21 cm. (quarto) 
336 |a text  |b txt  |2 rdacontent 
337 |a computer  |b c  |2 rdamedia 
338 |a online resource  |b cr  |2 rdacarrier 
500 |a Advertised in the Neue unpartheyische Lancaster Zeitung, Sept. 10, 1788. 
510 4 |a Evans  |c 21279 
510 4 |a Drake, M. Almanacs,  |c 10248 
530 |a Microform version available in the Readex Early American Imprints series. 
533 |a Electronic text and image data.  |b [Chester, Vt. :  |c Readex, a division of Newsbank, Inc.,  |d 2002-2004.  |e Includes files in TIFF, GIF and PDF formats with inclusion of keyword searchable text.  |f (Early American imprints. First series ; no. 21279). 
500 |a Electronic resource. 
655 7 |a Almanacs  |z Pennsylvania  |y 1789.  |2 rbgenr 
752 |a United States  |b Pennsylvania  |d Lancaster. 
830 0 |a Early American imprints.  |n Series I,  |p Evans (1639-1800) ;  |v no. 21279. 
856 4 1 |u http://proxy.library.tamu.edu/login?url=https://opac.newsbank.com/select/evans/21279  |y Evans Digital Edition  |t 0 
999 |a MARS 
999 f f |s c296f5cb-7620-3872-88dd-309e9491427b  |i 7b2cf2e1-d7e8-3c57-b9ef-c0eed7970721  |t 0 
952 f f |a Texas A&M University  |b College Station  |c Electronic Resources  |s www_evans  |d Available Online  |t 0  |h No information provided 
998 f f |t 0  |l Available Online